Catálogo
 En Linea

Consolidación de las estrategias de reducción de la transmisión vertical del virus de inmunodeficiencia humana en la República Dominicana (proyecto CENISMI-GLASER) / (Registro nro. 51243)

Detalles MARC
000 -CABECERA
campo de control de longitud fija 01049nam a2200265 a 4500
001 - NÚMERO DE CONTROL
campo de control 000029123
003 - IDENTIFICADOR DEL NÚMERO DE CONTROL
campo de control DO-SdBNP
005 - FECHA Y HORA DE LA ÚLTIMA TRANSACCIÓN
campo de control 20220127133836.0
007 - CAMPO FIJO DE DESCRIPCIÓN FÍSICA--INFORMACIÓN GENERAL
campo de control de longitud fija ta
008 - DATOS DE LONGITUD FIJA--INFORMACIÓN GENERAL
campo de control de longitud fija 110413s2008 dr a 000 0 spa d
040 ## - FUENTE DE LA CATALOGACIÓN
Centro catalogador/agencia de origen DO-SdBNP
Lengua de catalogación spa
Centro/agencia transcriptor BNPHU
082 ## - NÚMERO DE LA CLASIFICACIÓN DECIMAL DEWEY
Número de clasificación F-
Número de documento/Ítem C755
110 2# - ENTRADA PRINCIPAL--NOMBRE DE ENTIDAD CORPORATIVA
Nombre de entidad corporativa o nombre de jurisdicción como elemento de entrada Centro Nacional de Investigaciones en Salud Materno Infantil
9 (RLIN) 55757
245 10 - MENCIÓN DE TÍTULO
Título Consolidación de las estrategias de reducción de la transmisión vertical del virus de inmunodeficiencia humana en la República Dominicana (proyecto CENISMI-GLASER) /
Mención de responsabilidad, etc. Editor Eddy Pérez Then.
260 ## - PUBLICACIÓN, DISTRIBUCIÓN, ETC.
Lugar de publicación, distribución, etc. Santo Domingo :
Nombre del editor, distribuidor, etc. CENISMI,
Fecha de publicación, distribución, etc. 2008.
300 ## - DESCRIPCIÓN FÍSICA
Extensión 18 p. ; :
Otras características físicas il. ;
Dimensiones 29 cm.
490 1# - MENCIÓN DE SERIE
Mención de serie Serie de publicaciones técnicas
500 ## - NOTA GENERAL
Nota general Incluye referencias bibliográficas y notas al pie de las páginas
590 ## - NOTA LOCAL (RLIN)
Nota local Inventariado, 2022 / DG
650 ## - PUNTO DE ACCESO ADICIONAL DE MATERIA--TÉRMINO DE MATERIA
Término de materia o nombre geográfico como elemento de entrada SINDROME DE INMUNODEFICIENCIA ADQUIRIDA
Subdivisión general PREVENCION
Subdivisión geográfica REPUBLICA DOMINICANA
9 (RLIN) 81031
700 1# - PUNTO DE ACCESO ADICIONAL--NOMBRE DE PERSONA
Nombre de persona Pérez Then, Eddy
Término indicativo de función/relación ed.
9 (RLIN) 56028
830 #0 - PUNTO DE ACCESO ADICIONAL DE SERIE-TÍTULO UNIFORME
Título uniforme Reuniones técnicas
Número de parte o sección de la obra 1
9 (RLIN) 56033
910 ## - DATOS DE OPCIÓN DEL USUARIO (OCLC)
Datos de opción del usuario DG
942 ## - ELEMENTOS DE PUNTO DE ACCESO ADICIONAL (KOHA)
Fuente del sistema de clasificación o colocación Dewey Decimal Classification
Tipo de ítem Koha Libro
Existencias
Estado de retiro Estado de pérdida Fuente del sistema de clasificación o colocación Restricciones de uso No para préstamo Código de colección Localización permanente Ubicación/localización actual Ubicación en estantería Fecha de adquisición Total de préstamos Signatura topográfica completa Código de barras Fecha visto por última vez Precio válido a partir de Tipo de ítem Koha
    Dewey Decimal Classification Excluido de préstamo   Monografías: Libros y Folletos Biblioteca Nacional Pedro Henríquez Ureña Patrimonio Dominicano En catalogación 01.09.2021   F- C755 2022-0309 27.01.2022 27.01.2022 Libro

Con tecnología Koha